00322pab a2200121 454500008004000000100001900040245005500059260000900114300001300123362001000136650002000146773003400166180718b2017 xxu||||| |||| 00| 0 eng d aAbraham, Susan aMisuse of the Unlawful Activities (Prevention) Act c2017 ap.23-26. a6 May aPenal sanctions aEconomic and Political Weekly